| 000 | 01063cam a2200325 4500 | ||
|---|---|---|---|
| 001 | J11503 | ||
| 008 | 020301n2001 000 0 eng u | ||
| 035 | _a(Sirsi) u118110 | ||
| 041 | _aeng. | ||
| 050 | _a711.1 | ||
| 100 | _aBloodworth, A.J. | ||
| 110 |
_aBritish Geological Survey _91581 |
||
| 245 | _aBrick clay : issues for planning : executive summary | ||
| 260 |
_aNottingham _bBritish Geological Survey _c2001 |
||
| 300 |
_a8p _c30cm. |
||
| 490 |
_aBGS Commissioned Report _vCR/01/117N |
||
| 520 | _aA research report that provides information on a range of planning issues connected with brick clay resources, manufacture, standards, environmental regulation, and supply and demand. For full report see: J116929. | ||
| 650 | _aBRICK CLAY | ||
| 650 | _aMINERALS | ||
| 650 | _aBRICKS | ||
| 650 | _aROOF TILES | ||
| 650 | _aPIPES | ||
| 650 | _aBRICK INDUSTRY | ||
| 650 | _aBUILT ENVIRONMENT-BUILDING MATERIALS | ||
| 650 | _aPLANNING | ||
| 700 | _aCowley, J.F. | ||
| 700 | _aHighley, D. E. | ||
| 700 | _aBowker, G.K. | ||
| 942 | _n0 | ||
| 999 |
_c102091 _d102091 |
||